000 nam a22 7a 4500
999 _c10107
_d10107
008 180212b ||||| |||| 00| 0 eng d
100 _aGoyal, M
_96126
245 _aBe a genious a book of general knowledge - IV
260 _aNew Delhi
_bPurple marin
_c2013